MARC

LEADER 00000nam0a2200000 4500
001 303498
005 20231102001617.0
020 |a RU  |b 83-26453 
035 |a (RuTPU)RU\TPU\book\328721 
090 |a 303498 
100 |a 20150902d1983 km y0rusy5003 ca 
101 0 |a rus 
102 |a RU 
105 |a y z 000zy 
200 1 |a Энергетический комплекс СССР  |f под ред. Л. А. Мелентьева, А. А. Макарова 
210 |a Москва  |c Экономика  |d 1983 
215 |a 263 с. 
300 |a Авт. указаны на 7-й с. 
606 1 |a Топливно-энергетический комплекс  |x Экономика  |y Россия  |2 stltpush  |3 (RuTPU)RU\TPU\subj\67995  |9 83556 
610 1 |a энергетика 
610 1 |a СССР 
610 1 |a развитие 
610 1 |a энергопотребление 
610 1 |a энергосберегающая технология 
610 1 |a электроэнергетика 
610 1 |a теплоэнергетика 
610 1 |a производственная структура 
610 1 |a экономические показатели 
610 1 |a экономический рост 
610 1 |a внешние связи 
686 |a У9(2)0-554  |2 rubbk 
702 1 |a Мелентьев  |b Л. А.  |g Лев Александрович  |4 340 
702 1 |a Макаров  |b А. А.  |4 340 
801 0 |a RU  |b RuMRKP  |c 19950704  |g psbo 
801 1 |a RU  |b 63413507  |c 20150902 
801 2 |a RU  |b 63413507  |c 20190621  |g RCR 
942 |c BK